[Event "RUS-chT 25th"]
[Site "Sochi"]
[Date "2018.05.04"]
[Round "4.2"]
[White "Kamsky, Gata"]
[Black "Lobanov, Sergei"]
[Result "1-0"]
[WhiteElo "2670"]
[BlackElo "2515"]
[PlyCount "103"]
[EventDate "2018.05.01"]
[EventType "team-tourn"]
[EventRounds "9"]
[EventCountry "RUS"]
[SourceTitle "CBM 184 Extra"]
[Source "ChessBase"]
[SourceDate "2018.06.28"]
[SourceVersion "1"]
[SourceVersionDate "2018.06.28"]
[SourceQuality "1"]
[WhiteTeam "Tatarstan Rook"]
[BlackTeam "St Petersburg SHSH"]
[WhiteTeamCountry "RUS"]
[BlackTeamCountry "RUS"]

1. Nf3 d5 2. g3 Nf6 3. Bg2 c6 4. d3 Bg4 5. Nbd2 Nbd7 6. h3 Bh5 7. c4 e6 8. g4 Bg6 9. Nh4 Bd6 10. a3 $146 ({RR} 10. Nxg6 hxg6 11. Nf3 Qe7 12. Qc2 O-O 13. O-O dxc4 14. Qxc4 Nd5 15. g5 N7b6 16. Qg4 e5 17. e3 Rad8 18. Rd1 Bb8 19. Bd2 Rfe8 20. Be1 Rd7 21. a3 Red8 22. Rdc1 Nc7 23. Bf1 Ne6 24. h4 Nd5 {Giffard,N (2380)-Lyrberg,P (2420) Hilversum 1993 0-1 (88)}) 10... a5 11. b3 Qe7 12. Nxg6 hxg6 13. Bb2 b5 14. cxb5 cxb5 15. Nf3 e5 16. g5 Nh5 17. e3 O-O 18. O-O Rac8 19. b4 axb4 20. axb4 Nb6 21. Ra6 Na4 22. Ba1 Nc3 23. Qb3 Ne2+ 24. Kh1 e4 25. dxe4 dxe4 26. Nd2 Bb8 27. Rb6 Qc7 28. Rxb8 Rxb8 29. Nxe4 Qc4 30. Nd2 Qxb3 31. Nxb3 Rbc8 32. Nc5 Rfd8 33. Re1 Rd2 34. Bf3 Neg3+ 35. fxg3 Nxg3+ 36. Kg1 Rcd8 37. e4 Rc2 38. Be5 Nh5 39. Be2 f6 40. gxf6 gxf6 41. Bc7 Rd4 42. Bd1 Rb2 43. Bxh5 gxh5 44. e5 Kf7 45. e6+ Ke7 46. Nb7 Rbd2 47. Bb6 R4d3 48. Be3 Ra2 49. Bc5+ Ke8 50. Nd6+ Kd8 51. e7+ Kc7 52. Nf5 1-0

[Event "Titled Tuesday intern op 1st May"]
[Site "Chess.com INT"]
[Date "2018.05.01"]
[Round "5"]
[White "Petrosian, Tigran L"]
[Black "Naroditsky, Daniel"]
[Result "1-0"]
[WhiteElo "2613"]
[BlackElo "2615"]
[PlyCount "141"]
[EventDate "2018.05.01"]
[EventType "swiss (blitz)"]
[EventRounds "10"]
[EventCountry "USA"]
[SourceTitle "EXT 2021"]
[Source "ChessBase"]
[SourceDate "2020.10.23"]
[SourceVersion "1"]
[SourceVersionDate "2020.10.23"]
[SourceQuality "1"]

1. Nf3 d5 2. g3 g6 3. Bg2 Bg7 4. O-O e5 5. c4 dxc4 6. Qa4+ Nc6 7. Qxc4 Nge7 8. d3 Be6 ({RR} 8... O-O 9. Nc3 Be6 10. Qa4 h6 11. Ne4 b6 12. Bd2 Nd4 13. Nxd4 exd4 14. Bb4 c5 15. Nxc5 bxc5 16. Bxc5 Rc8 17. Qxa7 Re8 18. Rfc1 Nc6 19. Qb6 Qd7 20. b4 Bd5 21. b5 Bxg2 22. Kxg2 Qd5+ 23. Kg1 {Nakamura,H (2768)-Kollars,D (2606) chess.com INT 2023 0-1 (61)}) ({RR} 8... h6 9. a3 Be6 10. Qc2 O-O 11. Nbd2 Bd5 12. e4 Be6 13. b4 g5 14. Nb3 a6 15. Be3 b6 16. h4 g4 17. Nfd2 a5 18. bxa5 Nxa5 19. a4 Nec6 20. Nxa5 Nxa5 21. Rfb1 Qd7 22. Bf1 Rad8 23. Nc4 {Pantsulaia,L (2522)-Petriashvili,N (2450) Tbilisi GEO 2025 1-0 (31)}) 9. Qc2 O-O 10. Nc3 $146 ({RR} 10. Be3 h6 11. Rc1 {½-½ (11) Medvegy,Z (2535)-Szabo,G (2548) Zalakaros 2015}) 10... h6 11. Be3 Nf5 12. Bc5 Re8 13. e3 a5 14. Rfd1 Nb4 15. Qa4 Bd7 16. Qb3 Be6 17. Qa4 Bd7 18. Nb5 Na6 19. d4 e4 20. Nd2 Nxc5 21. dxc5 Re5 22. Qc4 Qe7 23. Nc3 Rxc5 24. Qxe4 Bc6 25. Qxe7 Nxe7 26. Nde4 Rc4 27. a3 Bxe4 28. Nxe4 Nf5 29. Rab1 Re8 30. Nd2 Rc2 31. b4 axb4 32. axb4 b6 33. Rbc1 Rxc1 34. Rxc1 Rd8 35. Nf3 Bf8 36. g4 Ng7 37. Rxc7 Bxb4 38. Bf1 Ne6 39. Rb7 Bc5 40. Ne5 Rf8 41. Bc4 Nd8 42. Rd7 Kg7 43. Kg2 Kf6 44. f4 Bxe3 45. Rd3 Ne6 46. Rxe3 Rd8 47. Bxe6 fxe6 48. Kf3 g5 49. fxg5+ hxg5 50. Nd3 Rh8 51. Kg3 Rd8 52. Nf2 Rd4 53. Ne4+ Kg6 54. Kf3 b5 55. Nc5 Rd5 56. Rxe6+ Kf7 57. Rc6 b4 58. Ke4 Rd2 59. Rb6 Rf2 60. Nd3 Rxh2 61. Kf5 Rd2 62. Ne5+ Kg8 63. Rxb4 Rd5 64. Rb7 Ra5 65. Kg6 Ra6+ 66. Kxg5 Ra5 67. Kf5 Ra6 68. g5 Ra1 69. Ng4 Rf1+ 70. Kg6 Kf8 71. Nf6 1-0

[Event "Titled Tuesday intern op 1st May"]
[Site "Chess.com INT"]
[Date "2018.05.01"]
[Round "8"]
[White "Shtembuliak, Evgeny"]
[Black "Narayanan, Srinath"]
[Result "1-0"]
[WhiteElo "2506"]
[BlackElo "2525"]
[PlyCount "67"]
[EventDate "2018.05.01"]
[EventType "swiss (blitz)"]
[EventRounds "10"]
[EventCountry "USA"]
[SourceTitle "EXT 2021"]
[Source "ChessBase"]
[SourceDate "2020.10.23"]
[SourceVersion "1"]
[SourceVersionDate "2020.10.23"]
[SourceQuality "1"]

1. Nf3 d5 2. g3 g6 3. Bg2 Bg7 4. c4 dxc4 5. O-O Nf6 6. Na3 O-O 7. Nxc4 Nc6 ({RR} 7... c5 8. b3 Nc6 9. Bb2 Be6 10. Rc1 Rc8 11. d3 b6 12. Qd2 Qd7 13. Rfd1 Rfd8 14. Nfe5 Nxe5 15. Nxe5 Qd6 16. b4 Nd7 17. Nxd7 Bxb2 18. Qxb2 Bxd7 19. bxc5 Rxc5 20. Rxc5 Qxc5 21. Rc1 Qd6 22. h4 {Carlsen,M (2865)-Artemiev,V (2700) chess24.com INT 2022 1-0 (42)}) ({RR} 7... c6 8. d3 Nbd7 9. Rb1 Nb6 10. Nxb6 axb6 11. a3 b5 12. Qc2 Re8 13. b4 e5 14. e4 Bg4 15. Bb2 Nd7 16. Nd2 Nf8 17. Nb3 Qc8 18. f4 Bh3 19. Bxh3 Qxh3 20. f5 Nd7 21. Nd2 Re7 22. Rf2 {Deak-Sala,E (2112)-Krkyasharyan,S (1989) Rhodes GRE 2025 ½-½ (36)}) 8. d3 Nd5 9. a3 $146 ({RR} 9. Rb1 h6 10. Bd2 Kh7 11. Ne3 Be6 12. Qa4 Qd7 13. Nxd5 Bxd5 14. Bc3 e5 15. Qa3 a5 16. b3 Bxf3 17. exf3 Qxd3 18. Rbc1 Rad8 19. Rfe1 f5 20. Bf1 Qd5 21. Be2 Qd7 22. Qb2 b6 23. f4 Nd4 {Behrensen,J-Pilnik,H Mar del Plata 1958 0-1 (37)}) ({RR} 9. Bd2 Re8 10. Qc1 e5 11. Bh6 Bh8 12. h3 Nde7 13. Ne3 Nf5 14. Nxf5 Bxf5 15. Ng5 Nd4 16. Qc4 Qd7 17. Bd5 Re7 18. g4 Bxg4 19. hxg4 Qxg4+ 20. Kh1 Qh4+ 21. Kg2 Qxh6 22. Nxf7 Qf4 23. Ng5+ Kf8 {Hergott,D (2305)-Rogers,I (2535) London 1987 0-1}) 9... a5 10. Qc2 Bg4 11. e3 a4 12. h3 Be6 13. Ng5 Bc8 14. Ne4 e6 15. Rb1 Na5 16. Nxa5 Rxa5 17. b4 axb3 18. Rxb3 b6 19. Bb2 f6 20. Nc3 Ne7 21. d4 Bd7 22. Rc1 c5 23. dxc5 Rxc5 24. Qb1 f5 25. Ne2 Rxc1+ 26. Qxc1 Bxb2 27. Qxb2 b5 28. Nd4 Qa5 29. Nxb5 Bc6 30. Bxc6 Nxc6 31. Qc3 Qa8 32. Nc7 Qa4 33. Nxe6 Rf7 34. Rb8+ 1-0

[Event "Titled Tuesday intern op 1st May"]
[Site "Chess.com INT"]
[Date "2018.05.01"]
[Round "10"]
[White "Petrosian, Tigran L"]
[Black "Holt, Conrad"]
[Result "1-0"]
[WhiteElo "2613"]
[BlackElo "2584"]
[PlyCount "109"]
[EventDate "2018.05.01"]
[EventType "swiss (blitz)"]
[EventRounds "10"]
[EventCountry "USA"]
[SourceTitle "EXT 2021"]
[Source "ChessBase"]
[SourceDate "2020.10.23"]
[SourceVersion "1"]
[SourceVersionDate "2020.10.23"]
[SourceQuality "1"]

1. Nf3 d5 2. g3 Bg4 3. Bg2 Nd7 4. c4 e6 5. cxd5 exd5 6. O-O Ngf6 7. Qb3 Nc5 8. Qc2 Be7 ({RR} 8... c6 9. d3 Be7 10. Nc3 O-O 11. h3 Bh5 12. Nd4 Ne6 13. Nf5 Bg6 14. Nh4 d4 15. Nxg6 hxg6 16. Ne4 Nd5 17. a3 Qd7 18. b4 Rac8 19. Bb2 Rfd8 20. Rac1 f5 21. Nd2 Bf6 22. Qb3 Kh7 23. Nf3 {Demidov,M (2520)-Zavortink,M (2156) Chess.com INT 2019 1-0 (58)}) 9. d3 O-O 10. Nc3 $146 ({RR} 10. Bg5 Ne6 11. Bxf6 Bxf6 12. Nbd2 Re8 13. e4 {½-½ (13) Pedersen,F (2295)-Holmsgaard,H (2317) Aarhus 1999}) ({RR} 10. b3 c6 11. Bb2 Nfd7 12. Nbd2 Bf6 13. b4 Ne6 14. e4 Bxb2 15. Qxb2 Ng5 16. Nxg5 Qxg5 17. f4 Qf6 18. Qxf6 Nxf6 19. e5 Nd7 20. d4 a5 21. Rfb1 axb4 22. Rxb4 b5 23. a4 Nb6 24. a5 Na4 {Sloth,J (2312)-Kierzek,M (2189) Marianske Lazne 2016 0-1 (49)}) 10... Re8 11. Re1 Ne6 12. e3 Bb4 13. Bd2 a5 14. a3 Bf8 15. d4 Bh5 16. Ne5 c6 17. Rac1 Nd7 18. Nxd7 Qxd7 19. Na4 Qd8 20. h4 g5 21. hxg5 Nxg5 22. Qf5 Bg6 23. Qg4 h5 24. Qe2 Bd6 25. Nc5 Ra7 26. f4 Nh7 27. Nd3 f6 28. Kf2 Qd7 29. Bf3 Qf5 30. Rc3 Kh8 31. Rh1 Rg8 32. Bxh5 Bxh5 33. Qxh5 Qxh5 34. Rxh5 Kg7 35. Rc1 Nf8 36. Rch1 Kf7 37. Kf3 Ne6 38. Rh7+ Ng7 39. g4 Raa8 40. f5 a4 41. Bb4 Bc7 42. Nc5 Bd6 43. Ne6 Bxb4 44. axb4 a3 45. bxa3 Rxa3 46. g5 fxg5 47. Nxg5+ Kf6 48. Kf4 Ke7 49. R1h6 Ke8 50. Rg6 Kf8 51. Rhxg7 Rxg7 52. Ne6+ Ke8 53. Rxg7 Ra1 54. f6 Rf1+ 55. Ke5 1-0

[Event "FRA-ch rapid"]
[Site "Orsay"]
[Date "2018.05.10"]
[Round "6"]
[White "Moussard, Jules"]
[Black "Kovalenko, Igor"]
[Result "1-0"]
[WhiteElo "2570"]
[BlackElo "2626"]
[PlyCount "71"]
[EventDate "2018.05.10"]
[EventType "swiss (rapid)"]
[EventRounds "13"]
[EventCountry "FRA"]
[SourceTitle "CBM 184 Extra"]
[Source "ChessBase"]
[SourceDate "2018.06.28"]
[SourceVersion "1"]
[SourceVersionDate "2018.06.28"]
[SourceQuality "1"]

1. Nf3 d5 2. g3 c6 3. Bg2 Bg4 4. O-O Nd7 5. d3 e6 6. h3 Bxf3 ({RR} 6... Bh5 7. e4 Bd6 8. exd5 cxd5 9. c4 Ne7 10. Nc3 O-O 11. cxd5 exd5 12. g4 Bg6 13. Nh4 Nb6 14. a4 a5 15. f4 f5 16. Be3 Bf7 17. Nxf5 Nxf5 18. gxf5 Be7 19. Bd4 Bf6 20. Be5 Nc8 21. Nb5 {Fressinet,L (2700)-Ponomariov,R (2712) Huaian 2016 1-0 (77)}) 7. Bxf3 h5 ({RR} 7... Bc5 8. Bg2 Ne7 9. e4 O-O 10. Nd2 a5 11. a4 Qc7 12. Kh1 f5 13. Qe2 dxe4 14. Nb3 Bd6 15. dxe4 f4 16. e5 Bxe5 17. gxf4 Bd6 18. Nd4 Nc5 19. Nxe6 Nxe6 20. Qxe6+ Kh8 21. Bd2 Ng6 22. Rae1 {Kramnik,V (2753)-Svane,F (2636) chess.com INT 2024 ½-½ (61)}) 8. h4 Ngf6 $146 ({RR} 8... Bd6 9. e4 Ne7 10. Bxh5 Qc7 11. Kg2 g6 12. Bf3 O-O-O 13. Qe2 Kb8 14. Be3 f5 15. Bg5 e5 16. Nd2 Rdf8 17. Bxe7 Bxe7 18. exd5 cxd5 19. Bxd5 Qxc2 20. Rac1 Qa4 21. Nc4 Bf6 22. Kg1 Nb6 23. Nxb6 {Adly,A (2626)-Kovalenko,I (2657) St Petersburg 2018 1-0 (49)}) ({RR} 8... Be7 9. e4 g5 10. exd5 cxd5 11. hxg5 Bxg5 12. c4 h4 13. g4 Ne5 14. Bg2 Bxc1 15. Qxc1 h3 16. Bxd5 exd5 17. Re1 h2+ 18. Kh1 Qf6 19. f4 O-O-O 20. Rxe5 dxc4 21. Qxc4+ Kb8 22. Nd2 Nh6 23. g5 {Stojanovski,S (2179)-Zia,T (2345) chess.com INT 2023 0-1}) 9. e4 dxe4 10. dxe4 Ne5 11. Bg2 Bc5 12. Qe2 Nfg4 13. Nc3 Qd4 14. Nd1 O-O-O 15. Ne3 Bb6 16. a4 a5 17. Ra3 Kc7 18. Nxg4 Nxg4 19. Bf3 Nf6 20. Be3 Qd7 21. Bxb6+ Kxb6 22. Rb3+ Kc7 23. e5 Nd5 24. Rd1 Qe7 25. Bxd5 Rxd5 26. Rxd5 exd5 27. Qe3 Ra8 28. Qb6+ Kc8 29. Qd4 g6 30. Rf3 Kc7 31. Qf4 Rf8 32. e6+ Qd6 33. Qf6 d4 34. Qg7 Kb6 35. exf7 c5 36. Rf6 1-0

[Event "Sharjah op rapid"]
[Site "Sharjah"]
[Date "2018.05.26"]
[Round "8"]
[White "Landa, Konstantin"]
[Black "Magerramov, Elmar S"]
[Result "1-0"]
[WhiteElo "2616"]
[BlackElo "2515"]
[PlyCount "91"]
[EventDate "2018.05.23"]
[EventType "swiss (rapid)"]
[EventRounds "9"]
[EventCountry "UAE"]
[SourceTitle "CBM 184 Extra"]
[Source "ChessBase"]
[SourceDate "2018.06.28"]
[SourceVersion "1"]
[SourceVersionDate "2018.06.28"]
[SourceQuality "1"]

1. Nf3 Nf6 2. g3 d5 3. Bg2 c6 4. O-O Bg4 5. h3 Bh5 6. d4 e6 7. c4 Nbd7 8. cxd5 cxd5 9. Qb3 Qb6 10. Nc3 Qxb3 ({RR} 10... Be7 11. Qa4 Bxf3 12. Bxf3 O-O 13. e3 Rfc8 14. Qb3 Rc6 15. Bd2 Qxb3 16. axb3 Rb6 17. Bd1 a6 18. Na4 Rb5 19. Rc1 Kf8 20. f3 Ke8 21. Rf2 Bb4 22. Nc3 Rb6 23. Be1 Kd8 24. g4 h6 25. Kf1 {Harikrishna,P (2707)-Terry,R (2520) chess.com INT 2023 0-1 (81)}) 11. axb3 a6 12. Ne5 $146 ({RR} 12. e4 Nxe4 13. Nxe4 dxe4 14. Ng5 Nf6 15. Nxe4 Nxe4 16. Bxe4 O-O-O 17. Be3 Kb8 18. Rfc1 Bg6 19. Bf3 Bd6 20. Rc4 Bd3 21. Rc3 Bf5 22. g4 Bg6 23. Rc4 h5 24. g5 Bd3 25. Rc3 Bf5 26. Kg2 g6 {Svane,R (2616)-Mirzoev,A (2490) chess.com INT 2023 1-0 (75)}) ({RR} 12. e4 Nxe4 13. Nxe4 dxe4 14. Ng5 Nf6 15. Nxe4 Nxe4 16. Bxe4 O-O-O 17. Be3 Kb8 18. Rfc1 Bg6 19. Bf3 Bd6 20. Rc4 Bd3 21. Rc3 Bf5 22. g4 Bg6 23. Rc4 h5 24. g5 Bd3 25. Rc3 Bf5 26. Kg2 g6 {Svane,R (2616)-Mirzoev,A (2490) chess.com INT 2023 1-0 (75)}) 12... Nxe5 13. dxe5 Nd7 14. f4 Bg6 15. e4 Bxe4 16. Nxe4 dxe4 17. Bxe4 Nc5 18. Bc2 O-O-O 19. Rf3 Be7 20. Rc3 Kb8 21. Be3 Nd7 22. Rd1 Bb4 23. Rcd3 Kc7 24. Rd4 a5 25. Rc4+ Kb8 26. Kf2 g6 27. Kf3 h5 28. Rcd4 Kc7 29. Rc4+ Kb8 30. h4 Rhe8 31. Ke2 Rh8 32. Be4 b6 33. Rc6 Bc5 34. Bf3 Bxe3 35. Kxe3 Rhf8 36. Rd2 Rfe8 37. Rcd6 Kc7 38. Bc6 Re7 39. Bb5 Kc8 40. R2d4 Kc7 41. Kd2 Kc8 42. Kc3 Kc7 43. b4 axb4+ 44. Kxb4 Kc8 45. Rd1 Kc7 46. Ra1 1-0

[Event "CHN-RUS Summit Men blitz 11th"]
[Site "Qinhuangdao"]
[Date "2018.05.26"]
[Round "4.3"]
[White "Alekseenko, Kirill"]
[Black "Zhou, Jianchao"]
[Result "1-0"]
[WhiteElo "2625"]
[BlackElo "2624"]
[PlyCount "47"]
[EventDate "2018.05.26"]
[EventType "team-schev (blitz)"]
[EventRounds "10"]
[EventCountry "CHN"]
[SourceTitle "CBM 184 Extra"]
[Source "ChessBase"]
[SourceDate "2018.06.28"]
[SourceVersion "1"]
[SourceVersionDate "2018.06.28"]
[SourceQuality "1"]
[WhiteTeam "Russia"]
[BlackTeam "China"]
[WhiteTeamCountry "RUS"]
[BlackTeamCountry "CHN"]

1. Nf3 Nf6 2. g3 e6 3. Bg2 b5 4. Nd4 ({RR} 4. O-O c5 5. a4 b4 6. d3 Bb7 7. e4 d5 8. e5 Nfd7 9. Re1 Nc6 10. h4 Be7 11. Qe2 Qc7 12. Bf4 O-O 13. Nbd2 Rfc8 14. Rac1 Qa5 15. b3 Nd4 16. Nxd4 cxd4 17. Qg4 Bf8 18. Nf3 Qb6 {Amin,B (2710)-Oganian,M (2423) St Petersburg 2018 1-0 (32)}) ({RR} 4. O-O Bb7 5. a4 b4 6. b3 a5 7. Bb2 Be7 8. e3 O-O 9. d4 c5 10. dxc5 Na6 11. Nbd2 Nxc5 12. Nd4 d5 13. Nb5 Rc8 14. Qe2 Ba6 15. Rac1 Qb6 16. Bd4 Qb7 17. Rfe1 Nce4 18. Bxf6 Bxf6 {Borgaonkar,A (2418)-Barria Zuniga,D (2341) chess.com INT 2025 ½-½ (97)}) 4... d5 5. Nxb5 a6 6. Nd4 $146 ({RR} 6. N5a3 Be7 7. c4 O-O 8. O-O c5 9. d3 Bb7 10. Nd2 Nbd7 11. b3 Qc7 12. Bb2 d4 13. Bxb7 Qxb7 14. e4 dxe3 15. fxe3 e5 16. Nab1 Rad8 17. e4 Nb8 18. Qe2 Nc6 19. Nf3 Nd4 20. Bxd4 exd4 {Moshtael,W (2113)-Gharibyan,H (2031) Uelzen 2007 ½-½ (38)}) 6... c5 7. Nf3 Bb7 8. O-O Nc6 9. d3 Bd6 10. Nbd2 e5 11. e4 d4 12. Nc4 h6 13. Nh4 g6 14. f4 Bc7 15. Nf3 Nd7 16. Qe1 Qe7 17. a3 a5 18. Bd2 a4 19. Qf2 Ba6 20. Ncxe5 Ncxe5 21. Nxe5 Nxe5 22. fxe5 Bxe5 23. Bf4 Ra7 24. Bxe5 1-0

[Event "FRA-chT Top 12"]
[Site "Brest"]
[Date "2018.06.03"]
[Round "9"]
[White "Duda, Jan Krzysztof"]
[Black "Kuzubov, Yuriy"]
[Result "1-0"]
[WhiteElo "2724"]
[BlackElo "2663"]
[Annotator "ChessBase II"]
[PlyCount "95"]
[EventDate "2018.05.26"]
[EventType "team-tourn"]
[EventRounds "11"]
[EventCountry "FRA"]
[SourceTitle "EXT 2019"]
[Source "ChessBase"]
[SourceDate "2018.10.10"]
[SourceVersion "1"]
[SourceVersionDate "2018.10.10"]
[SourceQuality "1"]
[WhiteTeam "Bois Colombes"]
[BlackTeam "Grasse Echecs"]
[WhiteTeamCountry "FRA"]
[BlackTeamCountry "FRA"]
[TimeControl "40/5400+30:1800+30"]

1. Nf3 {[%emt 0:00:00]} d5 {[%emt 0:00:48]} 2. c4 {[%emt 0:00:00]} d4 {[%emt 0:01:45]} 3. b4 {[%emt 0:00:00]} g6 {[%emt 0:00:17]} 4. g3 {[%emt 0:00:07]} Bg7 {[%emt 0:00:45]} 5. d3 {[%emt 0:00:07]} e5 {[%emt 0:03:02]} 6. Bg2 {[%emt 0:00:05]} Ne7 {[%emt 0:00:05]} 7. O-O {[%emt 0:00:06]} O-O {[%emt 0:00:05]} 8. a4 {[%emt 0:00:05]} a5 {[%emt 0:04:47]} 9. b5 {[%emt 0:00:21]} c5 {[%emt 0:00:15]} 10. Ra2 {[%emt 0:00:14]} ({RR} 10. Nbd2 Ra7 11. Ra3 b6 12. e3 h6 13. exd4 exd4 14. Re1 Nf5 15. Ra2 Nd6 16. Ne4 Nxe4 17. Rxe4 Bf5 18. Re1 Re8 19. Rxe8+ Qxe8 20. Re2 Re7 21. Rxe7 Qxe7 22. Nh4 Bc8 23. Bf4 Nd7 24. Bc7 Be5 {Fressinet,L (2717)-Le,Q (2712) Dubai 2014 ½-½ (43)}) ({RR} 10. bxc6 Nexc6 11. Ba3 Re8 12. Nbd2 Nd7 13. Ne4 Nf6 14. Nd6 Re6 15. Nxc8 Rxc8 16. Bh3 Re8 17. Bxc8 Qxc8 18. Rb1 Qh3 19. Rxb7 Ng4 20. Qb3 e4 21. dxe4 Nce5 22. Rd1 d3 23. Rxd3 Nxf3+ {0-1 (23) Mekhitarian,K (2564)-Platzgummer,F (2291) chess.com INT 2025}) 10... Nf5 {[%emt 0:29:42]} (10... h6 11. e3 Be6 12. exd4 cxd4 13. Re2 Nd7 14. Ba3 Re8 15. Rfe1 g5 16. Nbd2 Ng6 17. Ne4 Bf8 18. Bxf8 Rxf8 19. Qc1 Bf5 20. Nfd2 Bg4 21. Nd6 Qc7 22. Qa3 Bxe2 23. Rxe2 Qc5 24. Qxc5 Nxc5 25. Nxb7 Nxd3 26. Nb3 f5 27. Bd5+ Kh8 28. N7xa5 Nc1 29. Nxc1 Rxa5 30. Ra2 Ne7 31. Nb3 Ra7 32. Bg2 Rb8 33. a5 d3 34. g4 Nc8 35. gxf5 Nd6 36. Bd5 Nxb5 37. cxb5 Rxb5 38. Bc4 Rb4 39. Nd2 e4 40. a6 {Maghsoodloo,P (2584)-Wen,Y (2617) Bandar e Anzali 2017 ½-½}) 11. e3 {[%emt 0:00:33]} dxe3 {[%emt 0:01:52]} 12. fxe3 {[%emt 0:00:05]} Be6 $146 {[%emt 0:00:52]} ({RR} 12... Ra7 13. Nc3 b6 14. e4 Nd4 15. Nd5 Bg4 16. Qe1 Nb3 17. Be3 f6 18. Raf2 Raf7 19. h3 Be6 20. Qd1 Nd4 21. Nxd4 cxd4 22. Bc1 Nd7 23. Ba3 Re8 24. Qd2 Bf8 25. Bc1 Bd6 26. g4 Ref8 27. Qd1 {Colas,J (2285)-Henriquez Villagra,C (2518) Montevideo 2018 1-0 (42)}) ({RR} 12... Nd7 13. Nc3 Nb6 14. Raf2 h5 15. Kh1 Be6 16. e4 Nd4 17. Nxd4 Qxd4 18. Nd5 Bxd5 19. exd5 f5 20. Bb2 Qg4 21. Bf3 Qg5 22. d6 Rad8 23. Ba3 Qe3 24. Bxb7 e4 25. Re2 Qxd3 26. Bxc5 Nxc4 27. Qxd3 {Nesterov,A (2562)-Khubukshanov,E (2388) Moscow RUS 2023 1-0 (37)}) 13. Nc3 {[%emt 0:02:09]} Nd6 $146 {[%emt 0:10:02]} (13... h6 14. Re2 Nd7 15. Nd2 Ra7 16. Nb3 b6 17. Nd5 Kh7 18. Ref2 f6 19. Qe2 Nb8 20. Bb2 Rd7 21. Nc1 Rdf7 22. Na2 Nd6 23. Nac3 Nd7 24. e4 Re8 25. Ne3 Nf8 26. Kh1 Bc8 27. Ncd5 h5 28. Bc3 Kg8 29. Qd1 Nh7 30. Qd2 Bh6 31. Qe2 Ref8 32. h4 Ne8 33. Kh2 Ng7 34. Bb2 Qd6 35. Nd1 Ne6 36. Bh3 Bb7 37. N1e3 Kg7 38. Bc3 Kg8 39. Qe1 Nd4 40. Bd2 Bg7 41. Bc3 Re8 42. Ra2 Rff8 43. Raf2 {Brzezinski,A (2165)-Todorovic,G (2476) Skopje 2014 ½-½ (96)}) 14. e4 {[%emt 0:07:35]} h6 {[%emt 0:04:05]} 15. Be3 {[%emt 0:22:53]} Nd7 {[%emt 0:00:08]} 16. Qd2 {[%emt 0:00:32]} Kh7 {[%emt 0:00:41]} 17. Nh4 {[%emt 0:00:06]} Qc8 {[%emt 0:19:05]} 18. Qc1 {[%emt 0:09:14]} Nf6 {[%emt 0:10:25]} 19. b6 $1 $14 {[%emt 0:12:47][%csl Rb7,Gc7]} Ng4 {[%emt 0:02:22]} 20. Bd2 {[%emt 0:00:15]} f5 {[%emt 0:00:40]} 21. exf5 {[%emt 0:08:12]} gxf5 {[%emt 0:01:02]} (21... Nxf5 {[%cal Gf5d4]} 22. Nxf5 Bxf5 (22... gxf5) 23. Ne4 Qd7 $132 {[%csl Rd3]}) 22. Nd5 {[%emt 0:02:30]} e4 {[%emt 0:07:19]} 23. Bf4 {[%emt 0:01:51]} Ne5 {[%emt 0:00:58]} 24. dxe4 {[%emt 0:00:56]} Nxe4 {[%emt 0:00:38]} 25. Bxe4 {[%emt 0:14:29]} fxe4 {[%emt 0:00:04]} 26. Qe1 {[%emt 0:00:57]} Nf3+ {[%emt 0:01:08]} 27. Nxf3 {[%emt 0:00:06]} exf3 {[%emt 0:00:35]} 28. Qe4+ {[%emt 0:05:06]} Bf5 {[%emt 0:00:04]} 29. Qxf3 {[%emt 0:00:05]} Bd4+ {[%emt 0:00:35]} 30. Be3 {[%emt 0:01:47]} Bd3 {[%emt 0:00:30]} 31. Qxf8 {[%emt 0:00:41]} Qxf8 {[%emt 0:00:09]} 32. Rxf8 {[%emt 0:00:04]} Rxf8 {[%emt 0:00:07]} 33. Bxd4 {[%emt 0:01:12]} Bxc4 {[%emt 0:00:55]} 34. Rc2 {[%emt 0:01:06]} Bxd5 {[%emt 0:00:22]} 35. Rxc5 {[%emt 0:00:07]} Be6 {[%emt 0:01:13]} 36. Be5 {[%emt 0:02:18]} Rf5 {[%emt 0:00:31]} 37. Rxa5 {[%emt 0:04:02]} Bd7 {[%emt 0:00:25]} 38. Rc5 {[%emt 0:02:36]} Bxa4 {[%emt 0:00:13]} 39. Rc7+ {[%emt 0:00:04]} Kg8 {[%emt 0:00:07]} 40. Bf4 {[%emt 0:01:16]} Rf7 {[%emt 0:30:33]} 41. Bxh6 {[%emt 0:32:26]} Bc6 {[%emt 0:00:00]} 42. Bf4 {[%emt 0:00:00]} Rd7 {[%emt 0:00:00]} 43. Kf2 {[%emt 0:00:00]} Kf7 {[%emt 0:00:00]} 44. Ke3 {[%emt 0:00:00]} Ke6 {[%emt 0:00:00]} 45. h4 Re7 {[%emt 0:00:00]} 46. h5 {[%emt 0:00:00]} Kf7+ {[%emt 0:00:00]} 47. Be5 {[%emt 0:00:00]} Rxc7 {[%emt 0:03:17]} 48. bxc7 {[%emt 0:00:00]} 1-0

[Event "Norway Masters blitz 6th"]
[Site "Stavanger"]
[Date "2018.05.27"]
[Round "3"]
[White "Nakamura, Hikaru"]
[Black "Karjakin, Sergey"]
[Result "1-0"]
[WhiteElo "2769"]
[BlackElo "2782"]
[PlyCount "83"]
[EventDate "2018.05.27"]
[EventType "tourn (blitz)"]
[EventRounds "9"]
[EventCountry "NOR"]
[EventCategory "22"]
[SourceTitle "CBM 185"]
[Source "ChessBase"]
[SourceDate "2018.07.13"]
[SourceVersion "1"]
[SourceVersionDate "2018.07.13"]
[SourceQuality "1"]

1. Nf3 d5 2. b3 Nf6 3. Bb2 c6 4. g3 h6 5. Bg2 Bf5 6. O-O e6 7. Ne5 Nbd7 8. Nxd7 Qxd7 9. d3 Be7 10. Nd2 Bh7 $146 ({RR} 10... O-O 11. Nf3 a5 12. a4 Qc7 13. Qd2 Nd7 14. Qf4 Rac8 15. Qxc7 Rxc7 16. Ne5 Nxe5 17. Bxe5 Rd7 18. Bb2 Ra8 19. Rfc1 Bb4 20. Kf1 f6 21. c3 Be7 22. Ba3 Kf7 23. Ke1 e5 24. Bxe7 Kxe7 25. Kd2 {Reales Murto,M (2292)-Recuero Guerra,J (2228) Linares 2013 ½-½ (31)}) 11. e4 O-O 12. Qe2 a5 13. a3 b5 14. Rad1 Rad8 15. Nf3 Qb7 16. Ne5 Nd7 17. Ng4 dxe4 18. Bxe4 f5 19. Bg2 fxg4 20. Qxe6+ Rf7 21. Bxc6 Nc5 22. Qxf7+ Kxf7 23. Bxb7 Nxb7 24. f3 gxf3 25. Rxf3+ Bf6 26. Bxf6 gxf6 27. b4 Bg6 28. Rf4 Kg7 29. Re1 Kf7 30. Re5 Nd6 31. bxa5 Ra8 32. Rd5 Ra6 33. a4 bxa4 34. Rxa4 Ke6 35. Rc5 Be8 36. Rb4 Ra7 37. Rb6 Ke7 38. a6 Bd7 39. Kf2 Be8 40. Ke3 Bd7 41. Kf4 Be8 42. Rd5 1-0